Faculty of Law Library — Cairo University

Official Online Catalog

De legationibvs libri tres. (Record no. 48091)

MARC details
000 -LEADER
fixed length control field 01361naa a2200361 i 4500
003 - CONTROL NUMBER IDENTIFIER
control field EG-GICUC
005 - DATE AND TIME OF LATEST TRANSACTION
control field 20260121101419.0
008 - FIXED-LENGTH DATA ELEMENTS--GENERAL INFORMATION
fixed length control field 251203s1924 us ||||fr|||| 001 0 eng d
040 ## - CATALOGING SOURCE
Original cataloging agency EG-GiCUC
Language of cataloging eng
Transcribing agency EG-GiCUC
Modifying agency EG-GiCUC
Description conventions rda
041 1# - LANGUAGE CODE
Language code of text/sound track or separate title eng
082 04 - DEWEY DECIMAL CLASSIFICATION NUMBER
Edition number 21
Classification number 341.3
Item number GE . L
092 04 - LOCALLY ASSIGNED DEWEY CALL NUMBER (OCLC)
Edition number 21
099 ## - LOCAL FREE-TEXT CALL NUMBER (OCLC)
Classification number Law1 11 341.3 GE . L 1924
100 1# - MAIN ENTRY--PERSONAL NAME
Personal name Gentili, Alberico,
Dates associated with a name 1552-1608,
Relator term Author.
245 13 - TITLE STATEMENT
Title De legationibvs libri tres.
Number of part/section of a work Volume 2,
Name of part/section of a work The translation /
Statement of responsibility, etc. by Alberico Gentili ; The translation by Gordon J. Laing.
264 #3 - PRODUCTION, PUBLICATION, DISTRIBUTION, MANUFACTURE, AND COPYRIGHT NOTICE
Place of production, publication, distribution, manufacture New York :
Name of producer, publisher, distributor, manufacturer Oxford University Press,
Date of production, publication, distribution, manufacture, or copyright notice 1924.
300 ## - PHYSICAL DESCRIPTION
Extent Various paging ;
Dimensions 24 cm.
336 ## - CONTENT TYPE
Source rda content
Content type term text
337 ## - MEDIA TYPE
Source rda media
Media type term Computer
338 ## - CARRIER TYPE
Source rda carrier
Carrier type term Online Resource
490 0# - SERIES STATEMENT
Series statement The classics of international law
500 ## - GENERAL NOTE
General note Includes index
500 ## - GENERAL NOTE
General note Translated from Latin
504 ## - BIBLIOGRAPHY, ETC. NOTE
Bibliography, etc. note Includes marginal notes (side-notes)
505 ## - FORMATTED CONTENTS NOTE
Formatted contents note v. 1. The photographic reproduction of the edition of 1594 / with an introduction by Ernest Nys<br/> v. 2. The translation / by Gordon J. Laing.
546 ## - LANGUAGE NOTE
Language note Text in English
650 14 - SUBJECT ADDED ENTRY--TOPICAL TERM
Topical term or geographic name entry element Diplomacy
General subdivision Public international law
651 1# - SUBJECT ADDED ENTRY--GEOGRAPHIC NAME
Source of heading or term qrmak
700 1# - ADDED ENTRY--PERSONAL NAME
Personal name Laing, Gordon Jennings,
Dates associated with a name 1869-1945,
Relator term Translator.
856 40 - ELECTRONIC LOCATION AND ACCESS
Uniform Resource Identifier <a href="https://fll.law.cu.edu.eg/fulltext/bks/B11-05400.pdf">https://fll.law.cu.edu.eg/fulltext/bks/B11-05400.pdf</a>
905 ## - Cataloger and Reviser Names
Cataloger Name: Rawan khaled
Revisor Name: Hassnaa
942 ## - ADDED ENTRY ELEMENTS (KOHA)
Source of classification or shelving scheme Dewey Decimal Classification
Suppress in OPAC No
Koha item type Books
Edition 21
Holdings
Withdrawn status Lost status Source of classification or shelving scheme Damaged status Not for loan Collection Home library Current library Date acquired Total checkouts Full call number Barcode Date last seen Copy number Price effective from Koha item type
    Dewey Decimal Classification   Not for loan القانون الدولي العام جــــامعة القــاهرة مكتبة كلية الحقوق - المبنى الرئيسي 03.12.2025   Law1 11 341.3 GE . L 1924 1105400 V2, C1 B11-05400 03.12.2025 1 03.12.2025 Books

© All rights reserved — Faculty of Law, Cairo University